书目信息 |
| 题名: |
化工物性算图手册
|
|
| 作者: | 刘光启 , 马连湘 , 邢志有 主编 ;青岛化工学院 , 全国图算学培训中心 组织编写 | |
| 分册: | ||
| 出版信息: | 北京 化学工业出版社 2002.01 |
|
| 页数: | 889页 | |
| 开本: | 26cm | |
| 丛书名: | ||
| 单 册: | ||
| 中图分类: | TQ015.3-62 | |
| 科图分类: | ||
| 主题词: | 化学工程--算图--手册 | |
| 电子资源: | ||
| ISBN: | 7-5025-3593-4 | |
| 000 | 01184nam0 2200277 45 | |
| 001 | 012002039062 | |
| 005 | 20050907093609.83 | |
| 010 | @a7-5025-3593-4@b精装@dCNY118.00 | |
| 100 | @a20020508d2002 em y0chiy0110 ea | |
| 101 | 0 | @achi |
| 102 | @aCN@b110000 | |
| 105 | @aa a 000yy | |
| 200 | 1 | @a化工物性算图手册@Ahua gong wu xing suan tu shou ce@f刘光启, 马连湘, 邢志有主编@Fliu guang qi,ma lian xiang,xing zhi you zhu bian@g青岛化工学院, 全国图算学培训中心组织编写@Gqing dao hua gong xue yuan,quan guo tu suan xue pei xun zhong xin zu zhi bian xie |
| 210 | @a北京@c化学工业出版社@d2002.01 | |
| 215 | @a889页@c图@d26cm | |
| 320 | @a有书目。 | |
| 330 | @a本手册以物性为主线,用算图的形式表达了各种物料的物性数据或计算方法,按物性的类别分为密度、粘度、表面张力等17章。 | |
| 606 | 0 | @a化学工程@x算图@j手册 |
| 690 | @aTQ015.3-62@v4 | |
| 701 | 0 | @a刘光启@Aliu guang qi@4主编 |
| 701 | 0 | @a马连湘@Ama lian xiang@4主编 |
| 701 | 0 | @a邢志有@Axing zhi you@4主编 |
| 712 | 02 | @a青岛化工学院@Aqing dao hua gong xue yuan@4组织编写 |
| 712 | 02 | @a全国图算学培训中心@Aquan guo tu suan xue pei xun zhong xin@4组织编写 |
| 801 | 0 | @aCN@bQSSK@c20050907 |
| 905 | @a10447@dTQ015.3-62@eL615 | |
| 化工物性算图手册/刘光启, 马连湘, 邢志有主编/青岛化工学院, 全国图算学培训中心组织编写.-北京:化学工业出版社,2002.01 |
| 889页:图;26cm |
| ISBN 7-5025-3593-4(精装):CNY118.00 |
| 本手册以物性为主线,用算图的形式表达了各种物料的物性数据或计算方法,按物性的类别分为密度、粘度、表面张力等17章。 |
| ● |
| 相关链接 |
|
|
|
正题名:化工物性算图手册
索取号:TQ015.3-62/L615
 
预约/预借
| 序号 | 登录号 | 条形码 | 馆藏地/架位号 | 状态 | 备注 |
| 1 | 562003 | 205620032 | 材料与化工学院资料室/ [索取号:TQ015.3-62/L615] | 在馆 |